Humankind and the Cosmos: Early Christian Representations /

In this volume, Costache endeavours to map the world as it was understood and experienced by the early Christians. Progressing from initial fears, they came to adopt a more positive view of the world through successive shifts of perception. This did not happen overnight. Tracing these shifts, Costac...

وصف كامل

محفوظ في:

المؤلف الرئيسي: ,Costache, Doru (مؤلف)

التنسيق: كتاب الكتروني

اللغة: English

منشور في: Leiden; Boston : BRILL, 2021.

سلاسل: Vigiliae Christianae, Supplements ; 170.

الموضوعات:

الوصول للمادة أونلاين: Login to view Source

الوسوم: إضافة وسم

لا توجد وسوم, كن أول من يضع وسما على هذه التسجيلة!

رقم الطلب: PS3134

LEADER 02360nam a22004331i 4500
001 BRILL9789004468344
003 nllekb
005 20230510123316.0
006 m d
007 cr un uuuua
008 210430s2021 ne sb 001 0 eng d
020 |a 9789004468344  |q (electronic book) 
020 |a 9789004465954  |q (print) 
024 7 |a 10.1163/9789004468344  |2 DOI  
035 |z (OCoLC)1246623106 
040 |a NL-LeKB  |c NL-LeKB  |e rda 
050 4 |a PS3134 
072 7 |a HRC  |2 bicssc 
072 7 |a REL  |x 070000  |2 bisacsh 
082 0 4 |a 813.4  |2 23 
100 1 |a ,Costache, Doru,  |e author. 
245 1 0 |a Humankind and the Cosmos: Early Christian Representations /  |c Doru Costache. 
264 1 |a Leiden;   |a Boston :  |b BRILL,   |c 2021. 
300 |a 1 online resource. 
336 |a text  |b txt  |2 rdacontent 
337 |a computer  |b c  |2 rdamedia 
338 |a online resource  |2 rdacarrier 
490 1 |a Vigiliae Christianae, Supplements ;  |v 170 
504 |a Includes bibliographical references and index.  
520 |a In this volume, Costache endeavours to map the world as it was understood and experienced by the early Christians. Progressing from initial fears, they came to adopt a more positive view of the world through successive shifts of perception. This did not happen overnight. Tracing these shifts, Costache considers the world of the early Christians through an interdisciplinary lens, revealing its meaningful complexity. He demonstrates that the early Christian worldview developed at the nexus of several perspectives. What facilitated this process was above all the experience of contemplating nature. When accompanied by genuine personal transformation, natural contemplation fostered the theological interpretation of the world as it had been known to the ancients. 
588 |a Description based on print version record. 
650 0 |a Bible.  |p New Testament. 
650 0 |a History of Biblical events. 
776 0 8 |i Print version:  |t Humankind and the Cosmos: Early Christian Representations,   |d Leiden ; Boston : BRILL, 2021  |z 9789004465954 
830 0 |a Vigiliae Christianae, Supplements ;  |v 170. 
856 4 |z DOI:   |u http://dx.doi.org/10.1163/9789004468344 
942 |2 lcc  |c EBOOK 
952 |0 0  |1 0  |2 lcc  |4 0  |6 PS3134  |7 1  |9 47290  |a BRILL  |b BRILL  |d 2023-05-10  |l 0  |o PS3134  |r 2023-05-10 00:00:00  |w 2023-05-10  |y EBOOK 
999 |c 52796  |d 52796